| 000 | 00931nam a22002897a 4500 | ||
|---|---|---|---|
| 001 | 1107684 | ||
| 003 | OSt | ||
| 005 | 20210927042635.0 | ||
| 008 | 170206b xxu||||| |||| 00| 0 eng d | ||
| 010 | _a 93031785 | ||
| 020 | _a0721667953 (set) | ||
| 020 | _a0721667961 (v. 1) | ||
| 020 | _a072166797X (v. 2) | ||
| 040 |
_aMMU _cMMU _dMMU _beng |
||
| 050 | 0 | 0 |
_aSF991 _b.T48 1995 |
| 245 | 0 | 0 |
_aTextbook of veterinary internal medicine : _bdiseases of the dog and cat / _c[edited by] Stephen J. Ettinger, Edward C. Feldman. |
| 250 | _a4th ed. | ||
| 260 |
_aPhiladelphia : _bW.B. Saunders, _cc1995. |
||
| 300 |
_a2 v. (lvi, 2145, liii p.) : _bill. ; _c29 cm. |
||
| 500 | _aIncludes bibliographical references and indexes. | ||
| 650 | 0 |
_aDogs _xDiseases. |
|
| 650 | 0 |
_aCats _xDiseases. |
|
| 650 | 0 | _aVeterinary internal medicine. | |
| 700 | 1 | _aEttinger, Stephen J. | |
| 700 | 1 | _aFeldman, Edward C. | |
| 942 |
_2lcc _cLOAN LOAN |
||
| 999 |
_c22047 _d22047 |
||